| 000 | 02822nam a2200277 i 4500 | ||
|---|---|---|---|
| 003 | DO-SdBNP | ||
| 005 | 20250915110718.0 | ||
| 007 | ta | ||
| 008 | 150603s2015 dr 000 f spa d | ||
| 020 | _a9789945408928 | ||
| 040 |
_aDO-SdBNP _bspa _cBNPHU _erda |
||
| 041 | _aspa | ||
| 082 |
_axxxx _bG633 _222 |
||
| 100 | 1 |
_aGómez Cerda, José _eautor _4aut. _98583 |
|
| 245 | 1 | 0 |
_a¡Mirar siempre adelante! : _bnovela / _cJosé Goméz Cerda. |
| 264 | 4 |
_aSanto Domingo : _bEditorial Argos, _c©2015. |
|
| 300 |
_a150 páginas ; _c22 cm. |
||
| 336 |
_atexto _btxt _2rdacontent |
||
| 337 |
_asin mediación _bn _2rdamedia |
||
| 338 |
_avolumen _bnc _2rdacarrier |
||
| 500 | _aIncluye datos biográficos del autor en las solapas. | ||
| 520 | _aMirar siempre adelante» está escrita en el género del Realismo Crítico, un tránsito de lo explícito a lo implícito, de lo que se expresa claro en una cosa a lo que se entiende incluido en otra, sin expresarlo, se da cuando nuestras facultades cognoscitivas, lo que es capaz de conocer, capta lo real de un dato o principio de naturaleza, va hacia lo que es una reflexión. La novela refleja la realidad política, económica y social de la República Dominicana. Esta obra muestra una relación de personajes, su entorno político, económico y social, del cual son exponentes, como testimonios de una época. Analiza, reproduce y denuncia los males que aquejan a nuestra sociedad. ¡Mirar siempre adelante! trata sobre temas de actualidad como la política, el poder legislativo, la economía, la corrupción, la educación, la seguridad social, el sindicalismo y otros temas de la sociedad dominicana, narrada por personajes que exponen sus criterios. La obra refleja situaciones reales, con críticas, propuestas; principios y valores del humanismo integral. ¡Mirar siempre adelante! Es una obra que establece lineamientos humanistas para jóvenes que están en la política activa; es un análisis e interpretación de la realidad dominicana, que puede servir de ejemplo para una nueva forma y estilo de enfrentar los problemas, con soluciones eficaces. Los principales protagonistas son jóvenes, de formación superior, que se comprometen con la actividad política, con una nueva y moderna concepción que debe ser honesta, responsable, a favor de los más pobres. El espacio de la trama se desarrolla en la República Dominicana, refleja la actualidad de hoy y aquí. El realismo crítico equivale a juzgar, conforme a las exigencias del objeto que está sujeto a examen. Las razones de la crítica parten de una concepción consciente verificable. La percepción es esa sensación anterior que resulta de una impresión material hecha en nuestros sentidos. | ||
| 590 | _aInventariado, 2025/ YL | ||
| 910 | _aYLockward | ||
| 942 |
_2ddc _cLBS1 |
||
| 999 |
_c45446 _d45446 |
||